Turecko som ja!
Priame voľby prezidenta v Turecku. Trojnásobný premiér Recep Tayyip Erdogan zvolený za prezidenta. Konflikty v susedných krajinách. Snaha nového prezidenta ťažiť z rusko-ukrajinského konfliktu. Autoritársky vodca a novodobý otec národa.
Saved in:
| Main Author: | |
|---|---|
| Format: | Book Chapter |
| Language: | Slovak |
| Subjects: | |
| Tags: |
No Tags, Be the first to tag this record!
|
MARC
| LEADER | 00000naa a2200000 4500 | ||
|---|---|---|---|
| 001 | 0191510 | ||
| 005 | 20231113101710.4 | ||
| 041 | 0 | |a slo | |
| 044 | |a SK | ||
| 245 | 1 | 0 | |a Turecko som ja! |c Adrian Peter Pressburg |
| 520 | |a Priame voľby prezidenta v Turecku. Trojnásobný premiér Recep Tayyip Erdogan zvolený za prezidenta. Konflikty v susedných krajinách. Snaha nového prezidenta ťažiť z rusko-ukrajinského konfliktu. Autoritársky vodca a novodobý otec národa. | ||
| 610 | 2 | 0 | |a politika |
| 610 | 2 | 0 | |a voľby |
| 610 | 2 | 0 | |a prezidenti |
| 610 | 2 | 0 | |a Turecko |
| 100 | 1 | |a Pressburg, Adrian Peter | |